<?xml version="1.0" encoding="UTF-8"?>
<record
    xmlns:xsi="http://www.w3.org/2001/XMLSchema-instance"
    xsi:schemaLocation="http://www.loc.gov/MARC21/slim http://www.loc.gov/standards/marcxml/schema/MARC21slim.xsd"
    xmlns="http://www.loc.gov/MARC21/slim">

  <leader>00738nam a2200217Ia 4500</leader>
  <controlfield tag="005">20220714103240.0</controlfield>
  <controlfield tag="008">210716s2009    xx            000 0 und d</controlfield>
  <datafield tag="020" ind1=" " ind2=" ">
    <subfield code="a">9788126526406</subfield>
  </datafield>
  <datafield tag="040" ind1=" " ind2=" ">
    <subfield code="c">AIMIT LIBRARY</subfield>
  </datafield>
  <datafield tag="041" ind1=" " ind2=" ">
    <subfield code="a">eng</subfield>
  </datafield>
  <datafield tag="082" ind1=" " ind2=" ">
    <subfield code="a">003.54 RAIR</subfield>
  </datafield>
  <datafield tag="100" ind1=" " ind2=" ">
    <subfield code="a">Rainer, R Kelly.</subfield>
    <subfield code="9">49078</subfield>
  </datafield>
  <datafield tag="245" ind1=" " ind2=" ">
    <subfield code="a">Introduction to information systems :</subfield>
    <subfield code="b">enabling and transforming business /</subfield>
    <subfield code="c">By R Kelly Rainer Jr.</subfield>
  </datafield>
  <datafield tag="250" ind1=" " ind2=" ">
    <subfield code="a">2nd ed.</subfield>
  </datafield>
  <datafield tag="260" ind1=" " ind2=" ">
    <subfield code="a">New Delhi :</subfield>
    <subfield code="b">Wiley India ,</subfield>
    <subfield code="c">2009.</subfield>
  </datafield>
  <datafield tag="300" ind1=" " ind2=" ">
    <subfield code="a">xviii,435p. ;</subfield>
    <subfield code="c">24.5 cm.</subfield>
  </datafield>
  <datafield tag="650" ind1=" " ind2=" ">
    <subfield code="a">Managing knowledge and data</subfield>
    <subfield code="9">49079</subfield>
  </datafield>
  <datafield tag="650" ind1=" " ind2=" ">
    <subfield code="a">Network applications web distance learning and telecommuting</subfield>
    <subfield code="9">49080</subfield>
  </datafield>
  <datafield tag="650" ind1=" " ind2=" ">
    <subfield code="a">Wireless technologies</subfield>
    <subfield code="9">49081</subfield>
  </datafield>
  <datafield tag="942" ind1=" " ind2=" ">
    <subfield code="2">ddc</subfield>
    <subfield code="c">BK</subfield>
    <subfield code="e">2nd</subfield>
    <subfield code="k">003.54 RAIR</subfield>
  </datafield>
  <datafield tag="999" ind1=" " ind2=" ">
    <subfield code="c">191414</subfield>
    <subfield code="d">191414</subfield>
  </datafield>
  <datafield tag="952" ind1=" " ind2=" ">
    <subfield code="0">0</subfield>
    <subfield code="1">0</subfield>
    <subfield code="2">ddc</subfield>
    <subfield code="4">0</subfield>
    <subfield code="7">0</subfield>
    <subfield code="8">MCA</subfield>
    <subfield code="a">AIMIT</subfield>
    <subfield code="b">AIMIT</subfield>
    <subfield code="e">Biblios Book Point</subfield>
    <subfield code="g">499.00</subfield>
    <subfield code="i">Bill no:1147; Bill dt:2011-07-20</subfield>
    <subfield code="l">0</subfield>
    <subfield code="o">003.54 RAIR</subfield>
    <subfield code="p">MCA10922</subfield>
    <subfield code="r">2025-07-21 00:00:00</subfield>
    <subfield code="v">374.25</subfield>
    <subfield code="w">2021-07-16</subfield>
    <subfield code="y">BK</subfield>
  </datafield>
  <datafield tag="952" ind1=" " ind2=" ">
    <subfield code="0">0</subfield>
    <subfield code="1">0</subfield>
    <subfield code="2">ddc</subfield>
    <subfield code="4">0</subfield>
    <subfield code="7">0</subfield>
    <subfield code="8">MCA</subfield>
    <subfield code="a">AIMIT</subfield>
    <subfield code="b">AIMIT</subfield>
    <subfield code="e">Higginbothams Pvt Ltd</subfield>
    <subfield code="g">449.00</subfield>
    <subfield code="i">Bill no:1743; Bill dt:2011-10-28</subfield>
    <subfield code="l">0</subfield>
    <subfield code="o">003.54 RAIR</subfield>
    <subfield code="p">MCA11206</subfield>
    <subfield code="r">2025-07-21 00:00:00</subfield>
    <subfield code="v">336.75</subfield>
    <subfield code="w">2021-07-16</subfield>
    <subfield code="y">BK</subfield>
  </datafield>
  <datafield tag="952" ind1=" " ind2=" ">
    <subfield code="0">0</subfield>
    <subfield code="1">0</subfield>
    <subfield code="2">ddc</subfield>
    <subfield code="4">0</subfield>
    <subfield code="7">0</subfield>
    <subfield code="8">MCA</subfield>
    <subfield code="a">AIMIT</subfield>
    <subfield code="b">AIMIT</subfield>
    <subfield code="e">Higginbothams Pvt Ltd</subfield>
    <subfield code="g">449.00</subfield>
    <subfield code="i">Bill no:1743; Bill dt:2011-10-28</subfield>
    <subfield code="l">0</subfield>
    <subfield code="o">003.54 RAIR</subfield>
    <subfield code="p">MCA11207</subfield>
    <subfield code="r">2025-07-21 00:00:00</subfield>
    <subfield code="v">336.75</subfield>
    <subfield code="w">2021-07-16</subfield>
    <subfield code="y">BK</subfield>
  </datafield>
  <datafield tag="952" ind1=" " ind2=" ">
    <subfield code="0">0</subfield>
    <subfield code="1">0</subfield>
    <subfield code="2">ddc</subfield>
    <subfield code="4">0</subfield>
    <subfield code="7">0</subfield>
    <subfield code="8">MCA</subfield>
    <subfield code="a">AIMIT</subfield>
    <subfield code="b">AIMIT</subfield>
    <subfield code="e">Higginbothams Pvt Ltd</subfield>
    <subfield code="g">449.00</subfield>
    <subfield code="i">Bill no:1743; Bill dt:2011-10-28</subfield>
    <subfield code="l">0</subfield>
    <subfield code="o">003.54 RAIR</subfield>
    <subfield code="p">MCA11208</subfield>
    <subfield code="r">2025-07-21 00:00:00</subfield>
    <subfield code="v">336.75</subfield>
    <subfield code="w">2021-07-16</subfield>
    <subfield code="y">BK</subfield>
  </datafield>
  <datafield tag="952" ind1=" " ind2=" ">
    <subfield code="0">0</subfield>
    <subfield code="1">0</subfield>
    <subfield code="2">ddc</subfield>
    <subfield code="4">0</subfield>
    <subfield code="7">0</subfield>
    <subfield code="8">MCA</subfield>
    <subfield code="a">AIMIT</subfield>
    <subfield code="b">AIMIT</subfield>
    <subfield code="e">Higginbothams Pvt Ltd</subfield>
    <subfield code="g">449.00</subfield>
    <subfield code="i">Bill no:1743; Bill dt:2011-10-28</subfield>
    <subfield code="l">0</subfield>
    <subfield code="o">003.54 RAIR</subfield>
    <subfield code="p">MCA11209</subfield>
    <subfield code="r">2025-07-21 00:00:00</subfield>
    <subfield code="v">336.75</subfield>
    <subfield code="w">2021-07-16</subfield>
    <subfield code="y">BK</subfield>
  </datafield>
  <datafield tag="952" ind1=" " ind2=" ">
    <subfield code="0">0</subfield>
    <subfield code="1">0</subfield>
    <subfield code="2">ddc</subfield>
    <subfield code="4">0</subfield>
    <subfield code="7">0</subfield>
    <subfield code="8">MCA</subfield>
    <subfield code="a">AIMIT</subfield>
    <subfield code="b">AIMIT</subfield>
    <subfield code="e">Higginbothams Pvt Ltd</subfield>
    <subfield code="g">449.00</subfield>
    <subfield code="i">Bill no:1743; Bill dt:2011-10-28</subfield>
    <subfield code="l">0</subfield>
    <subfield code="o">003.54 RAIR</subfield>
    <subfield code="p">MCA11210</subfield>
    <subfield code="r">2025-07-21 00:00:00</subfield>
    <subfield code="v">336.75</subfield>
    <subfield code="w">2021-07-16</subfield>
    <subfield code="y">BK</subfield>
  </datafield>
  <datafield tag="952" ind1=" " ind2=" ">
    <subfield code="0">0</subfield>
    <subfield code="1">0</subfield>
    <subfield code="2">ddc</subfield>
    <subfield code="4">0</subfield>
    <subfield code="7">0</subfield>
    <subfield code="8">MCA</subfield>
    <subfield code="a">AIMIT</subfield>
    <subfield code="b">AIMIT</subfield>
    <subfield code="e">Higginbothams Pvt Ltd</subfield>
    <subfield code="g">449.00</subfield>
    <subfield code="i">Bill no:1743; Bill dt:2011-10-28</subfield>
    <subfield code="l">0</subfield>
    <subfield code="o">003.54 RAIR</subfield>
    <subfield code="p">MCA11211</subfield>
    <subfield code="r">2025-07-21 00:00:00</subfield>
    <subfield code="v">336.75</subfield>
    <subfield code="w">2021-07-16</subfield>
    <subfield code="y">BK</subfield>
  </datafield>
  <datafield tag="952" ind1=" " ind2=" ">
    <subfield code="0">0</subfield>
    <subfield code="1">0</subfield>
    <subfield code="2">ddc</subfield>
    <subfield code="4">0</subfield>
    <subfield code="7">0</subfield>
    <subfield code="8">MCA</subfield>
    <subfield code="a">AIMIT</subfield>
    <subfield code="b">AIMIT</subfield>
    <subfield code="e">Higginbothams Pvt Ltd</subfield>
    <subfield code="g">449.00</subfield>
    <subfield code="i">Bill no:1743; Bill dt:2011-10-28</subfield>
    <subfield code="l">0</subfield>
    <subfield code="o">003.54 RAIR</subfield>
    <subfield code="p">MCA11212</subfield>
    <subfield code="r">2025-07-21 00:00:00</subfield>
    <subfield code="v">336.75</subfield>
    <subfield code="w">2021-07-16</subfield>
    <subfield code="y">BK</subfield>
  </datafield>
  <datafield tag="952" ind1=" " ind2=" ">
    <subfield code="0">0</subfield>
    <subfield code="1">0</subfield>
    <subfield code="2">ddc</subfield>
    <subfield code="4">0</subfield>
    <subfield code="7">0</subfield>
    <subfield code="8">MCA</subfield>
    <subfield code="a">AIMIT</subfield>
    <subfield code="b">AIMIT</subfield>
    <subfield code="e">Higginbothams Pvt Ltd</subfield>
    <subfield code="g">449.00</subfield>
    <subfield code="i">Bill no:1743; Bill dt:2011-10-28</subfield>
    <subfield code="l">0</subfield>
    <subfield code="o">003.54 RAIR</subfield>
    <subfield code="p">MCA11213</subfield>
    <subfield code="r">2025-07-21 00:00:00</subfield>
    <subfield code="v">336.75</subfield>
    <subfield code="w">2021-07-16</subfield>
    <subfield code="y">BK</subfield>
  </datafield>
  <datafield tag="952" ind1=" " ind2=" ">
    <subfield code="0">0</subfield>
    <subfield code="1">0</subfield>
    <subfield code="2">ddc</subfield>
    <subfield code="4">0</subfield>
    <subfield code="7">3</subfield>
    <subfield code="8">MCA</subfield>
    <subfield code="a">AIMIT</subfield>
    <subfield code="b">AIMIT</subfield>
    <subfield code="e">Higginbothams Pvt Ltd</subfield>
    <subfield code="g">449.00</subfield>
    <subfield code="i">Bill no:1743; Bill dt:2011-10-28</subfield>
    <subfield code="l">0</subfield>
    <subfield code="o">003.54 RAIR</subfield>
    <subfield code="p">MCA11214</subfield>
    <subfield code="r">2025-07-21 00:00:00</subfield>
    <subfield code="v">336.75</subfield>
    <subfield code="w">2021-07-16</subfield>
    <subfield code="y">BK</subfield>
  </datafield>
  <datafield tag="952" ind1=" " ind2=" ">
    <subfield code="0">0</subfield>
    <subfield code="1">0</subfield>
    <subfield code="2">ddc</subfield>
    <subfield code="4">0</subfield>
    <subfield code="7">0</subfield>
    <subfield code="8">MCA</subfield>
    <subfield code="a">AIMIT</subfield>
    <subfield code="b">AIMIT</subfield>
    <subfield code="e">Higginbothams Pvt Ltd</subfield>
    <subfield code="g">449.00</subfield>
    <subfield code="i">Bill no:1743; Bill dt:2011-10-28</subfield>
    <subfield code="l">0</subfield>
    <subfield code="o">003.54 RAIR</subfield>
    <subfield code="p">MCA11215</subfield>
    <subfield code="r">2025-07-21 00:00:00</subfield>
    <subfield code="v">336.75</subfield>
    <subfield code="w">2021-07-16</subfield>
    <subfield code="y">BK</subfield>
  </datafield>
</record>
